Sports Quiz

Random Sports or Nation Quiz

Rosenborg's European Cup opponents. Quiz Stats

 Plays Quiz not verified by Sporcle

Challenge
Share
Tweet
Embed
Score 0/117 Timer 20:00
0 Plays Today
Season Team % Correct
1997/1998 - Champions LeagueReal Madrid
94.1%
1999/2000 - Champions LeagueReal Madrid
94.1%
2005/2006 - Champions LeagueReal Madrid
94.1%
1996/1997 - Champions LeagueAC Milan
90.2%
1996/1997 - Champions LeaguePorto
85.3%
1997/1998 - Champions LeaguePorto
85.3%
2001/2002 - Champions LeaguePorto
85.3%
2004/2005 - Champions LeagueArsenal
85.3%
2007/2008 - Champions LeagueValencia
85.3%
2008/2009 - UEFA CupValencia
85.3%
1998/1999 - Champions LeagueJuventus
84.3%
2001/2002 - Champions LeagueJuventus
84.3%
2002/2003 - Champions LeagueAjax
84.3%
2007/2008 - Champions LeagueChelsea
84.3%
1999/2000 - Champions LeagueBorussia Dortmund
83.3%
1972/1973 - League Winners CupCeltic
81.4%
2001/2002 - Champions LeagueCeltic
81.4%
1997/1998 - Champions LeagueOlympiakos
79.4%
1998/1999 - Champions LeagueGalatasaray
77.5%
2002/2003 - Champions LeagueLyon
77.5%
2005/2006 - Champions LeagueOlympiakos
77.5%
2005/2006 - Champions LeagueLyon
77.5%
1998/1999 - Champions LeagueClub Brugge
73.5%
2008/2009 - UEFA CupClub Brugge
73.5%
2010/2011 - Champions LeagueAIK
73.5%
2015/2016 - Europa LeagueLazio
73.2%
1965/1966 - Cupwinners CupDinamo Kiev
72.5%
1999/2000 - Champions LeagueDinamo Kiev
72.5%
2008/2009 - UEFA CupFC København
72.5%
2010/2011 - Champions LeagueFC København
72.5%
2000/2001 - Champions LeagueParis St.Germain
71.6%
1995/1996 - Champions LeagueBlackburn
70.6%
2007/2008 - Champions LeagueSchalke04
70.6%
1995/1996 - Champions LeagueLegia Warszawa
69.6%
1996/1997 - Champions LeaguePanathinaikos
69.6%
2004/2005 - Champions LeaguePanathinaikos
69.6%
2012/2013 - Europa LeagueLegia Warszawa
69.6%
1968/1969 - League Winners CupRapid Wien
68.6%
2002/2003 - Champions LeagueInter Milan
68.6%
Season Team % Correct
1999/2000 - Champions LeagueFeyenoord
67.6%
2002/2003 - Champions LeagueBrøndby
67.6%
2008/2009 - UEFA CupBrøndby
67.6%
2003/2004 - UEFA CupBenfica
66.7%
2010/2011 - Europa LeagueBayer Leverkusen
66.7%
2012/2013 - Europa LeagueBayer Leverkusen
66.7%
2015/2016 - Europa LeagueSaint-Etienne
65.9%
1995/1996 - Champions LeagueBesiktas
65.7%
2012/2013 - Europa LeagueRapid Wien
64.7%
1996/1997 - Champions LeagueIFK Göteborg
63.7%
2000/2001 - Champions LeagueHelsingborg
63.7%
2010/2011 - Europa LeagueAtletico Madrid
62.7%
1995/1996 - Champions LeagueSpartak Moskva
59.8%
2015/2016 - Europa LeagueDnipro
58.5%
1999/2000 - Champions LeagueBoavista
56.9%
2005/2006 - UEFA CupZenit St.Petersburg
56.9%
2007/2008 - Champions LeagueAstana
55.9%
1994/1995 - UEFA CupDeportivo La Coruna
54.9%
2003/2004 - Champions LeagueDeportivo La Coruna
54.9%
1993/1994 - Champions LeagueAustria Wien
53.9%
2004/2005 - Champions LeagueMaccabi Haifa
53.9%
2007/2008 - UEFA CupFiorentina
53.9%
2015/2016 - Europa LeagueSteaua Bucuresti
53.7%
2004/2005 - Champions LeaguePSV Eindhoven
52.9%
1986/1987 - League Winners CupRøde Stjerne
52%
1986/1987 - Intertoto CupMalmö
50.8%
1998/1999 - Champions LeagueAthletic Bilbao
50%
1999/2000 - Champions LeagueBayern München
50%
2000/2001 - Champions LeagueBayern München
50%
2005/2006 - Champions LeagueSteaua Bucuresti
50%
2007/2008 - Champions LeagueTampere
48%
2015/2016 - Europa LeagueDebrecen
46.3%
2008/2009 - UEFA CupSaint-Etienne
46.1%
1991/1992 - League Winners CupSampdoria
44.1%
2008/2009 - UEFA CupDjurgården
43.1%
2009/2010 - Europa LeagueQarabag
39.2%
2003/2004 - UEFA CupRøde Stjerne
37.3%
2010/2011 - Europa LeagueAris
37.3%
1970/1971 - League Winners CupStandard Liege
36.3%
Season Team % Correct
1986/1987 - League Winners CupLinfield
36.3%
2010/2011 - Champions LeagueLinfield
36.3%
2013/2014 - Europa LeagueSt.Johnstone
34.8%
2011/2012 - Champions LeagueViktoria Plzen
34.3%
1974/1975 - UEFA CupHibernian
33.3%
2004/2005 - Champions LeagueSheriff Tiraspol
32.4%
2008/2009 - Intertoto CupNAC Breda
31.4%
2012/2013 - Europa LeagueMetalist Kharkiv
31.4%
2003/2004 - Champions LeagueBohemians
30.4%
2011/2012 - Europa LeagueAEK Larnaca
30.4%
2012/2013 - Europa LeagueServette
30.4%
2015/2016 - Europa LeagueKR Reykjavik
29.3%
1965/1966 - Cupwinners CupKR Reykjavik
27.5%
1997/1998 - Champions LeagueMTK Budapest
27.5%
2015/2016 - Europa LeagueVikingur
26.8%
1989/1990 - League Winners CupMechelen
26.5%
2003/2004 - UEFA CupVentspils
26.5%
2011/2012 - Champions LeagueBreidablik
25.5%
2012/2013 - Europa LeagueCrusaders
25.5%
2013/2014 - Europa LeagueCrusaders
24.6%
2012/2013 - Europa LeagueOrdabasy
23.5%
2014/2015 - Europa LeagueSligo Rovers
23%
2008/2009 - Intertoto CupEkranas
19.6%
1971/1972 - UEFA CupLierse
17.6%
2000/2001 - Champions LeagueShelbourne
16.7%
2001/2002 - Champions LeagueInter Bratislava
15.7%
2000/2001 - UEFA CupDeportivo Alaves
14.7%
2009/2010 - Europa LeagueRunavik
13.7%
1969/1970 - Inter-Cities Fairs CupSouthampton
12.7%
1990/1991 - UEFA CupTsjernomorets Odessa
12.7%
2000/2001 - Champions LeagueDunaferr
12.7%
2014/2015 - Europa LeagueKardemir Karabükspor
11.5%
1992/1993 - UEFA CupDynamo Moskva
10.8%
1986/1987 - Intertoto CupVideoton Szekesfehervar
9.8%
2014/2015 - Europa LeagueJelgava
9.8%
1993/1994 - Champions LeagueAvenir Beggen
9.8%
1994/1995 - UEFA CupGrevenmacher
9.8%
1971/1972 - UEFA CupHelsingfors
8.8%
1986/1987 - Intertoto CupGornik Zabrze
0%

You're not logged in!

Compare scores with friends on all Sporcle quizzes.
Join for Free
OR
Log In

You Might Also Like...

Show Comments

Extras

Top Quizzes Today


Score Distribution

Your Account Isn't Verified!

In order to create a playlist on Sporcle, you need to verify the email address you used during registration. Go to your Sporcle Settings to finish the process.

Report this User

Report this user for behavior that violates our Community Guidelines.

Details: